000 00292nam a2200109Ia 4500
008 220204s9999 xx 000 0 und d
082 _a651.2(035)
_bCHA;1
100 _aChambers, Harry T
245 0 _aOffice equipment selection handbook
260 _aLondon
_bBusiness Books
_c1976
942 _cBK
999 _c37126
_d37126